00692nai a2200181Ia 4500003000900000008004100009022002200050022002300072040001600095245002500111260008600136310001300222362002800235521006900263650003300332650005700365856008800422IN-BaIIA211028c9999 xx s 000 0 eng d a1045-9235 (Print) a1558-2620 (Online) cIIA Library 0aIEEE LCSh[eJournal] aNew York, USAbThe Institute of Electrical and Electronics Engineers, Inc. (IEEE) aAnnually a1(1); 1990 - 2(1); 1991 bSubscribed through National Knowledge Resource Consortium (NKRC) a Photonics and Electrooptics aCommunication, Networking and Broadcast Technologies uhttps://ieeexplore.ieee.org/servlet/opac?punumber=73yClick Here to Access eJournal